MARC details
| 000 -LÍDER |
| campo de controle de tamanho fixo |
01330nac a22003497a 4500 |
| 001 - NÚMERO DE CONTROLE |
| campo de controle |
BR8500271 |
| 003 - IDENTIFICADOR DO NÚMERO DE CONTROLE |
| campo de controle |
BR-BrBNA |
| 005 - DATA E HORÁRIO DA ÚLTIMA TRANSAÇÃO |
| campo de controle |
20240105120227.0 |
| 008 - CAMPO DE DADOS FIXOS--INFORMAÇÃO GERAL |
| campo de controle de tamanho fixo |
230509b bl.|||m| |||| 00| 0 por d |
| 040 ## - FONTE DA CATALOGAÇÃO |
| Instituição da catalogação original |
BR-BrBNA |
| Idioma da catalogação |
por |
| Instituição que transcreveu o registro |
Biblioteca Nacional de Agricultura |
| 072 ## - CÓDIGO DE CATEGORIA DE ASSUNTO |
| Código de Categoria de Assunto |
H10 |
| 090 ## - NÚMERO DE CHAMADA LOCAL |
| Número de chamada |
0430 BR8500271 |
| 100 1# - ENTRADA PRINCIPAL--NOME PESSOAL |
| Nome pessoal |
Cruz, V.R. da |
| 100 1# - ENTRADA PRINCIPAL--NOME PESSOAL |
| Nome pessoal |
Ramos, S.M.G. |
| 110 1# - ENTRADA PRINCIPAL--NOME CORPORATIVO |
| Nome corporativo ou nome da jurisdição |
Coordenadoria de Assistencia Tecnica Integral, Campinas, SP (Brasil) |
| 245 1# - TÍTULO |
| Título |
Algodao - resultados do controle integrado de pragas no estado de Sao Paulo - ano 2 ano agricola 1983/84 [Gossypium spp., inseto, inseticida, controle quimico, Brasil] |
| 246 1# - FORMA VARIANTE DO TÍTULO |
| Título/título abreviado |
[Cotton - results of the integrated control of pests in the state of Sao Paulo - 2nd year agricultural year 1983/84 [Gossypium spp., insect, insecticide, chemical control, Brazil]] |
| 260 3# - PUBLICAÇÃO, DISTRIBUIÇÃO, ETC. |
| Local de publicação, distribuição, etc. |
Campinas, SP (Brasil): |
| Data da publicação, distribuição, etc. |
1984. |
| 300 ## - DESCRIÇÃO FÍSICA |
| Extensão |
13 p. |
| 490 ## - TÍTULO DA SÉRIE |
| Título da série |
Documento Tecnico - Coordenadoria de Assistencia Tecnica Integral (Brazil) |
| Número do volume ou designação sequencial da série |
no. 51 |
| ISSN - International Standard Serial Number |
ISSN 0101-0344 |
| 650 ## - ASSUNTO--TERMO TÓPICO |
| Cabeçalho tópico ou nome geográfico |
ALGODAO |
| 650 ## - ASSUNTO--TERMO TÓPICO |
| Cabeçalho tópico ou nome geográfico |
CURUQUERE |
| 650 ## - ASSUNTO--TERMO TÓPICO |
| Cabeçalho tópico ou nome geográfico |
PULGAO |
| 650 ## - ASSUNTO--TERMO TÓPICO |
| Cabeçalho tópico ou nome geográfico |
LAGARTA |
| 650 ## - ASSUNTO--TERMO TÓPICO |
| Cabeçalho tópico ou nome geográfico |
TRATAMENTO FITOSSANITARIO |
| 650 ## - ASSUNTO--TERMO TÓPICO |
| Cabeçalho tópico ou nome geográfico |
INSETICIDA |
| 650 ## - ASSUNTO--TERMO TÓPICO |
| Cabeçalho tópico ou nome geográfico |
CUSTO |
| 650 ## - ASSUNTO--TERMO TÓPICO |
| Cabeçalho tópico ou nome geográfico |
RENDIMENTO |
| 650 ## - ASSUNTO--TERMO TÓPICO |
| Cabeçalho tópico ou nome geográfico |
SAO PAULO |
| 909 ## - |
| -- |
202312 |
| -- |
Lúcia Elande |
| -- |
55 |
| -- |
Lúcia Elande |
| 942 ## - ELEMENTOS DE ENTRADA ADICIONADOS (KOHA) |
| Fonte da classificação ou esquema de arquivamento na estante |
Classificação AGRIS |
| Ocultar no OPAC |
Não |
| Tipo de material Koha |
Monografia Seriada |